| 000 | 00784nam0a22002771 4500 | ||
|---|---|---|---|
| 001 | RU\NLR\INFOCOMM6\ROSSICA\1000357323 | ||
| 005 | 20250613194201.0 | ||
| 035 | _a(NLR Aleph) 009987781 | ||
| 090 |
_a9725421 _c9725421 |
||
| 100 | _a20031002d1913 |||y0rusy50 ca | ||
| 101 | 0 | _aepo | |
| 102 | _aRU | ||
| 105 | _ay ||||000ay | ||
| 200 | 1 |
_aTra la loko ensorĉita _eNovelo originale verkita en Esperanto _fJ. Ŝirjaev (J. Malfeliĉulo) |
|
| 210 |
_aMoskvo _d1913 |
||
| 215 | _dp8° | ||
| 225 | 1 |
_aEsperanta Poŝ-Biblioteko _v№2 |
|
| 700 | 1 |
_9z01790 _aŜirjaev _bJ. _4070 |
|
| 790 | 1 |
_9z01700 _aMalfeliĉulo _bJ. _4070 |
|
| 801 | 1 |
_aRU _bInfoComm _c20031002 |
|
| 801 | 0 |
_aRU _bNLR _gPSBO |
|
| 852 |
_aNLR _j30.2.12.380 |
||
| 942 | _cBOOK | ||
| 980 | _aNB | ||
| 980 | _aRossica | ||